000 00566cam a2200205 4500
001 J106928
008 000000n1999 000 0 eng u
035 _a(Sirsi) u106928
050 _a333.336
110 _aWeatherall Green and Smith
_92055
245 _aIndustrial Rent Survey. - summer 1999
260 _aLondon
_bWeatherall Green and Smith
_c1999
300 _a4p ; 30cm
650 _aINDUSTRIAL PROPERTY
650 _aRENT
650 _aYIELDS
690 _aPROPERTY-COMMERCIAL PROPERTY
856 _uhttps://www.weatheralls.co.uk
942 _n0
_2ddc
999 _c100640
_d100640